[Event "Bundesliga 0304"]
[Site "Germany"]
[Date "2004.03.27"]
[Round "12.3"]
[White "Efimenko, Zahar"]
[Black "Berndt, Stephan"]
[Result "1-0"]
[WhiteElo "2547"]
[BlackElo "2462"]
[Annotator "Efimenko/Meyer,CD"]
[PlyCount "69"]
[EventDate "2003.11.01"]
[EventType "team-tourn"]
[EventRounds "15"]
[EventCountry "GER"]
[SourceTitle "CBM 100"]
[Source "ChessBase"]
[SourceDate "2004.06.01"]
[SourceVersion "1"]
[SourceVersionDate "2004.06.01"]
[SourceQuality "1"]
[WhiteTeam "Werder Bremen"]
[BlackTeam "Neukoelln"]
[WhiteTeamCountry "GER"]
[BlackTeamCountry "GER"]

1. e4 {Rogozenko} c5 2. Nf3 d6 3. d4 cxd4 4. Nxd4 Nf6 5. Nc3 g6 6. Be3 Bg7 7.
f3 O-O 8. Qd2 Nc6 9. Bc4 Bd7 10. O-O-O Ne5 11. Bb3 Rc8 12. h4 h5 13. Bg5 Rc5
14. Kb1 Re8 (14... b5 {Rogozenko: 'was considered obligatory few years ago.
These days 14...Re8 is more fashionable, but this is rather a temporary trend.'
} 15. g4 a5 (15... hxg4 16. h5 Nxh5 17. Rxh5 gxh5 18. Nd5 Re8 19. Qh2 Rxd5 20.
Bxd5 Qc8 21. Qxh5 $16 e6 22. Bb3 Qc5 23. f4 Nc4 24. Qxg4 Kf8 25. e5 dxe5 26. f5
Nxb2 27. f6 Na4 28. Qh4 Nc3+ 29. Ka1 Kg8 30. fxg7 f6 31. Qh8+ Kf7 32. g8=Q+
Rxg8 33. Qxf6+ Ke8 34. Qd8+ Kf7 35. Qxd7+ Kg6 36. Qxe6+ Kxg5 37. Qxg8+ {
1:0, Vouldis-Tiviakov, Plovdiv 2003}) 16. gxh5 a4 (16... Nxh5 17. Nd5 $36) 17.
h6 Bh8 18. h7+ Nxh7 19. Bd5 b4 20. Nce2 Nxg5 21. hxg5 e6 22. Rxh8+ Kxh8 23. Nf4
Kg7 24. Bxe6 Nxf3 25. Nxf3 fxe6 26. Qxd6 Qc7 27. Qd4+ e5 28. Nxe5 Rxe5 29. Nd3
Rfe8 30. Nxe5 Rxe5 31. Qxd7+ Qxd7 32. Rxd7+ Kf8 33. b3 Rxe4 34. bxa4 Re5 35.
Kb2 Rxg5 36. Kb3 Rc5 37. Rd2 Ke7 38. Kxb4 Rc8 39. a5 g5 40. a6 Rb8+ 41. Ka5 {
1:0, Efimenko-Bromberger, EU-chT U18, Balatonlelle 2000}) 15. Bh6 {Rogozenko:
'The critical position. One must accept that it is pretty dubious for Black.'}
Nc4 {Rogozenko: 'White lost time with Bg5-h6, Black will lose a tempo with
Rc5xc4. On the other hand I think that with the rook on c5 Black must look for
something more reasonable than ...Nc4.'} ({Andere Möglichkeiten: I} 15... Qa5 {
'!?' Rogozenko.} 16. Bxg7 (16. g4 $5 {Rogozenko} hxg4 17. h5 $40) 16... Kxg7
17. Rhe1 Rec8 (17... b5 18. f4 Nc4 19. Bxc4 bxc4 20. Nf3 Bg4 21. Qd4 Rb8 22.
Ka1 Rb6 23. e5 dxe5 24. fxe5 Ng8 25. Na4 Qxa4 26. Qxc5 $16 {Enders-Adla,
Cappelle la Grande 1997, 1:0/50}) 18. f4 Neg4 19. Nf3 Bc6 20. Ng5 Be8 21. Qd4
$36 {R.Ponomariov-S.Tiviakov, FIDE-Wch k.o., Moskau 2001, 1:0/50}) ({II} 15...
Bh8 {Man sollte meinen, daß dies auch eine der Ideen von ...Re8 ist.} 16. g4
hxg4 $5 (16... Qa5 $6 17. g5 Nh7 18. f4 Nc4 19. Qd3 Na3+ 20. Kc1 e6 21. Nce2 d5
22. exd5 exd5 23. f5 $18 {1:0, Almasi-Golubev, Bundesliga 2003, 1:0/39}) 17. h5
Nxh5 18. Rxh5 (18. f4 Nc4 19. Qd3 b5 20. e5 Qc8 $1) 18... Nc4 {'!' Rogozenko.}
19. Bxc4 Rxh5 {'~~' Rogozenko.} (19... gxh5 20. Bb3) 20. fxg4 Bxg4 21. Rf1 $6 (
21. Qf4 $1 $16) 21... e6 22. Be3 Be5 23. Qf2 Rf8 {und remis in D.Isonzo - A.
Brkic, Leipzig 2002;}) 16. Bxc4 Rxc4 {Rogozenko: 'leads to the position from
the game'} 17. Bxg7 (17. Nb3 {gab Schwarz nach} Qc7 18. g4 {die Gelegenheit zu}
Rxc3 $1 {mit der Folge} 19. Bxg7 Kxg7 20. bxc3 hxg4 21. h5 gxf3 22. hxg6 fxg6
23. Rdf1 Bg4 24. Nd4 Rc8 25. Kb2 {remis, J.Nunn-S.Berndt, Bundesliga 2000})
17... Kxg7 18. Nd5 {'+/=' Rogozenko. Rogozenko: 'A good move. White secures a
slight, but long lasting advantage. 18.Nd5 scored extremely well in the
practice.'} (18. Rhe1 {Rogozenko} Qa5 19. Nb3 Qc7 {is approximately equal.}) (
18. g4 {(Rogozenko) is the main alternative to 18.Nd5.}) 18... Nxd5 $6 {
'?' Rogozenko. Rogozenko: 'This is just bad. It was proved that allowing White
to change the structure by taking on d5 with the pawn must be made only if
Black has very clear plan of counterplay. Here there is no counterplay at all
on the queenside for Black, while White quickly develop a kingside attack. He
can also combine it with the play on the e-file.'} ({Danach gerät Schwarz mehr
und mehr unter Druck. Zu prüfen sind noch: I} 18... e6 $2 19. Ne3 Rc8 20. Nb3
$16 {Rogozenko: '1-0 Ricardi,P-Cabrera,A/Cali 2001 (34)' , xd6}) ({II} 18... e5
{'>=' Rogozenko. scheint relativ am besten zu sein:} 19. Nxf6 Qxf6 20. Nb3 Re6
21. Rdf1 $5 (21. Qa5 Ra4 {Rogozenko: '1/2-1/2 Ponomariov,R-Tiviakov,S/Moscow
2001 (36)'} 22. Qc3 (22. Qc7 $1 $14 {Rogozenko}) 22... Qd8 23. Rd2 Qb6 24. Nc1
Bb5 25. b3 Ra6 26. Rhd1 Qd8 27. g3 Rc6 28. Qe3 Qb6 29. Qxb6 Rxb6 30. Ka1 f5 31.
Ne2 fxe4 32. fxe4 Bxe2 33. Rxe2 Rf6 34. Kb2 Rc6 35. Rd3 Kf7 36. Rg2 {remis, R.
Ponomariov-S.Tiviakov, Moskau 2001}) (21. Qd3 {Rogozenko} b5 22. g3 Rc8 23. Rh2
Rb8 24. Rhd2 Qd8 25. Qe2 Qc7 26. f4 $36 {1-0 Novak,K-Schoene,M/Chalkidiki 2003
(59)}) 21... Qf4 22. Qxf4 exf4 23. Rd1 $14 {Rogozenko}) 19. exd5 {'+/-'
Rogozenko.} Rc5 {'?!' Rogozenko.} ({Alternativen, z.B.: I} 19... b5 20. g4 $5
hxg4 21. h5 $36) ({II} 19... Qc8 {Rogozenko: '1-0 Wendel,S-Reschke,S/Bad
Zwesten 2003 (59)'} 20. g4 $1 $40 {'+/-' Rogozenko.} (20. Rhe1 $6 Bf5 21. Re2
Rc5 22. Nxf5+ Qxf5 $13 {/=, S.Wendel-S.Reschke, Bad Zwesten 2003, 1:0/59})
20... Rh8 (20... hxg4 21. h5) 21. Rhe1 hxg4 22. Rxe7 Re8 23. Rxe8 Qxe8 (23...
Bxe8 24. h5) 24. Qf4 $1 Kg8 (24... Qe5 $2 25. Ne6+) 25. b3 Rc3 26. Kb2 Re3 27.
fxg4 Qe5 28. Rf1 $16) ({III} 19... e5 20. dxe6 Bxe6 21. Rhe1 {'+/-' Rogozenko.
Rogozenko: '1-0 Prie,E-Derieux,C/Cap d'Agde 2002 (31)'} Bd7 22. Rxe8 Qxe8 23.
Qf4 d5 24. Qg5 Be6 25. Re1 Qd7 26. Qe5+ Kh7 27. Qf6 Bf5 28. Re7 Qxe7 29. Qxe7
Rxd4 30. Qxf7+ Kh6 31. Kc1 Rxh4 32. Qf8+ {1:0, E.Prie-C.Derieux, Cap d'Agde
2002}) (19... Qb6 $5 {Rogozenko} 20. g4 $140 hxg4 21. h5 Rxd4 {but the endgame
is worse for Black anyway.}) 20. Nb3 Rc4 {Rogozenko: 'Of course this does not
impress, but it is extremely difficult with Black to find anything. Such
positions represent probably the worst thing that can happen to a Dragon
player.'} 21. g4 $1 hxg4 $2 {Rogozenko: 'This is equivalent to resignation.'} (
{Erforderlich war freilich} 21... Rh8 {'>=' Rogozenko. , wenngleich Weiß nach
22.Qe2 oder 22.Nd4 auch angenehmer steht.} 22. Rde1 $5 $16 {[%csl Re7]
Rogozenko} hxg4 $140 23. h5 $40) 22. h5 {Der Angriff gegen den exponierten
König rollt nun fast wie von selbst.} g5 ({Oder z.B.: I} 22... Rh8 23. hxg6
fxg6 (23... Bf5 24. Nd4 Bxg6 25. fxg4 Qc8 26. Nf5+ $18) (23... gxf3 24. gxf7
Kxf7 25. Qd3 Rf4 (25... Rch4 26. Qxf3+ Ke8 27. Rxh4 Rxh4 28. Qg3 Rg4 29. Qh2
$18) 26. Rh7+ $18) 24. Na5 $1 Rc8 25. Qd4+ Kf7 26. fxg4 {'+-' Rogozenko.} Rxh1
27. Rxh1 Qg8 28. Qf4+ Kg7 29. Nxb7 $18) ({II} 22... gxf3 23. hxg6 fxg6 24. Qh6+
Kf6 (24... Kf7 25. Nd2 $40) 25. Nd4 $40) 23. Qxg5+ Kh7 24. Qe3 $18 {am
einfachsten} Qc8 25. Nd4 e5 (25... Qc5 {Rogozenko} 26. b3 Rb4 27. a3 (27. c3
Rb6 28. Qg5 Qxc3 29. h6 (29. fxg4 Rg8 30. Qxe7 Bxg4 31. Rhf1 Rg7 32. Rxf7 Bf5+
$3 33. Nxf5 Rxb3+ $11) 29... Rg8 30. Qxe7 Bf5+ 31. Nxf5 Rxb3+ $11) 27... Rb6
28. Qg5 $18 {[%csl Rb6,Re7][%cal Gh5h6]}) 26. dxe6 Bxe6 27. Qd3+ Kh8 28. Rhg1
Rg8 29. Qe3 Rg7 30. Qh6+ Kg8 31. Qf6 Kh7 32. fxg4 Rc5 33. g5 Re5 34. g6+ fxg6
35. Rxg6 1-0

[Event "Ashdod op"]
[Site "Ashdod"]
[Date "2004.12.12"]
[Round "4"]
[White "Erenburg, Sergey"]
[Black "Mikhalevski, Victor"]
[Result "1-0"]
[WhiteElo "2537"]
[BlackElo "2566"]
[Annotator "Erenburg,S"]
[PlyCount "81"]
[EventDate "2004.12.09"]
[EventType "swiss"]
[EventRounds "9"]
[EventCountry "ISR"]
[SourceTitle "CBM 103 Extra"]
[Source "ChessBase"]
[SourceDate "2005.01.01"]
[SourceVersion "1"]
[SourceVersionDate "2005.01.01"]
[SourceQuality "1"]

1. e4 c5 2. Nf3 d6 3. d4 cxd4 4. Nxd4 Nf6 5. Nc3 g6 6. Be3 Bg7 7. f3 Nc6 8. Qd2
O-O 9. Bc4 {Another theoretical possibility is} (9. O-O-O) 9... Bd7 10. O-O-O
Ne5 11. Bb3 Rc8 12. Kb1 {White prefered more positional variation to more
aggressive one:} (12. h4 h5 13. Bg5 Rc5 14. Kb1 Re8 15. Bh6 Nc4 16. Bxc4 Rxc4
17. Bxg7 Kxg7 18. Nd5 $14 {1-0 Efimenko,Z-Berndt,S/Germany 2004/CBM 100/
[Efimenko/Meyer,CD] (35)}) 12... Nc4 {Main line. Black has some other
continuations, one of them is} (12... Re8 13. Bh6 $6 Bxh6 14. Qxh6 Rxc3 $1 15.
bxc3 a5 $1 $146 16. a4 $6 Qc7 17. h4 b5 $1 18. axb5 a4 19. Ba2 Rb8 20. Qd2 {
1/2-1/2 Tiviakov,S-Hakki,I/Taiz 2004/CBM 101/[Tiviakov] (20)}) 13. Bxc4 Rxc4
14. g4 Qc7 {Black has the following alternatives:} (14... b5 {1-0 Motylev,
A-Solovjov,S/Moscow 1999/CBM 070/[Rogozenko] (23)}) (14... Qb8 {1/2-1/2
Ganguly,S-Abu Sufian,S/Doha 2003/CBM 094/[Rogozenko] (43)}) (14... Qa5 {
1-0 Svidler,P-Golubev,M/Baden Baden 2002/CBM 088/[Rogozenko] (33)}) (14... Be6
$6 {1-0 Polzin,R-Watson,W/Germany 2001/CBM 087/[Rogozenko] (38)}) 15. g5 Nh5
16. Nd5 Qd8 17. Ne2 $1 {White's main idea is to change the knights on g3, thus,
forcing black to open the "h" file for attack. Another white's possibility is
to change black's fianchetted bishop with Be3-d4.} Be6 {Black cannot suffer
white's knight on d5 for a long time, therefore, he changes it.} 18. b3 {
driving away the black rook from the active position. White tried also:} (18.
Ng3 {1/2-1/2 Svidler,P-Van Wely,L/Wijk aan Zee 1999/CBM 069/[Rogozenko] (29)})
18... Rc8 19. Bd4 $146 {White prefers to change the dark-squared bishop to
other possibilities:} (19. Ng3 Bxd5 20. exd5 Bc3 21. Qe2 Qa5 22. Nxh5 gxh5 23.
Bd4 $14 {1/2-1/2 Timmermans,I-Schneider,A/Budapest 2002/EXT 2003 (75)}) (19.
Bxa7 $2 Bxd5 20. exd5 b6 21. Qe3 $2 Qc7 22. Nd4 Qxa7 23. Nc6 Qxa2+ {0-1
Eckersley Waites,T-Bareham,D/West Bromwich 2004/CBM 103 ext (23)}) (19. Ndf4
Nxf4 20. Bxf4 a5 21. h4 a4 $36 {0-1 Sdunzik,J-Beltz,C/Winterberg 2002/CBM 088
ext (32)}) 19... Bxd5 20. exd5 Bxd4 21. Nxd4 {Now white's main plan is putting
pressure along the "e" file on the black's e7 pawn. In opposite, black has to
develop the counterplay on the queenside.} Rc5 22. c4 a6 {preparing b7-b5.} 23.
Rhe1 {White continues to consolidate his forces. The next stage of his plan is
adding the rooks along the "e" file.} Qd7 24. a4 $14 {White's chances are
slightly better, thanks to more active pieces. White's plan is simple and
clear- the pressure on the e7 pawn, while, black has some difficulties to open
up the game on the queenside.} b5 {Black had to start counterplay immediately.}
25. axb5 axb5 26. Nxb5 Rb8 27. Kb2 $1 {liberating the 1-st rank for the rooks
and protecting the b3 pawn.} Ng7 {[%tqu "En","Please enter the strongest
continuation for white.","","","b5d4","",10]} 28. Nd4 $1 {transfering the
knight to c6, thus, forcing black to sacrifice an exchange.} Rxc4 (28... Nf5
29. Nc6 $14) 29. Nc6 Rxc6 30. dxc6 Qxc6 31. Rxe7 $16 {White is an exchange up,
his pieces are more active, but black still keeps some chances, due to
vulnerable location of white's monarch.} Qxf3 32. Re3 Qb7 33. Qd5 Qa7 34. Re4 {
White succeeded to centralize his forces, that make them more active.} Nf5 35.
Rde1 {threatening with the invasion to e8.} Kf8 ({In case of} 35... Kg7 {
white replies} 36. h4 $1 $16 {with following h4-h5.}) 36. Qc6 $1 $18 Qa8 {
The only way to avoid bigger material loses.} (36... Kg7 {loses, in view of}
37. Qc3+ $18) (36... Qa5 37. Re8+ Rxe8 38. Rxe8+ Kg7 39. Qc3+ $18) 37. Qxa8
Rxa8 38. b4 $6 (38. Ra4 {won immediately:} Rc8 (38... Rb8 39. Kc3 $18) 39. b4
$18 Rc4 40. Ra8+ Kg7 41. Ree8 $18) 38... Rb8 39. Rd1 f6 40. h4 Kf7 41. Kb3 {
Black lost on time in technically winning position for white.} 1-0

[Event "Budapest FS03 GM"]
[Site "Budapest"]
[Date "1993.??.??"]
[Round "9"]
[White "Farago, Sandor"]
[Black "Szalanczy, Emil"]
[Result "0-1"]
[WhiteElo "2340"]
[BlackElo "2365"]
[Annotator "Ernst,T"]
[PlyCount "118"]
[EventDate "1993.03.??"]
[EventType "tourn"]
[EventRounds "11"]
[EventCountry "HUN"]
[EventCategory "8"]
[SourceTitle "CBM 037"]
[Source "ChessBase"]
[SourceDate "1993.12.01"]
[SourceVersion "1"]
[SourceVersionDate "1993.12.01"]
[SourceQuality "1"]

1. e4 c5 2. Nf3 d6 3. d4 cxd4 4. Nxd4 Nf6 5. Nc3 g6 6. Be3 Bg7 7. f3 Nc6 8. Qd2
O-O 9. Bc4 Bd7 10. O-O-O (10. h4 $1) 10... Rc8 (10... Qb8 $5) 11. Bb3 Ne5 12.
h4 Nc4 13. Bxc4 Rxc4 14. h5 (14. g4 Qc7 $1 $14) 14... Nxh5 15. g4 Nf6 16. Rh4
$6 (16. Rh2 Qc7 $1 17. Nd5 (17. Rdh1 Rxc3 $1 (17... Rc8 $2 18. Nd5 Nxd5 19.
exd5 h6 20. b3 $1 $18 (20. Rxh6 $2 Bxh6 21. Rxh6 Qc5 $1 $19) (20. Kb1 Qc5 21.
Nf5 Qb5 $1 $17)) 18. Qxc3 Qxc3 19. bxc3 Rc8 $44) (17. g5 Nh5 18. Nd5 Qd8 19.
Nf5 $1 (19. Rxh5 gxh5 20. Qh2 f6 21. Qxh5 (21. gxf6 Bxf6 22. Qxh5 Qe8 23. Nxf6+
Rxf6 24. Qd5+ Qf7 25. Qxb7 e5 $1 26. Nb3 Ba4 27. Qa8+ Qf8 28. Qxa7 Rxf3 $17)
21... Qe8 22. Qh4 fxg5 23. Qxg5 Rf7 $17) 19... gxf5 $1 (19... Bxf5 20. exf5 $40
) 20. Rxh5 fxe4 21. Qh2 Bf5 22. Rh1 exf3 23. c3 Be5 $3 24. Bf4 $1 (24. Nf4 Qa5
$17) 24... Bxf4+ 25. Nxf4 Qa5 $1 $10) 17... Nxd5 18. exd5 e5 19. dxe6 fxe6 20.
Rdh1 Bxd4 21. Bxd4 (21. Rxh7 Rxc2+ 22. Qxc2 Bxe3+ 23. Kb1 Qxc2+ 24. Kxc2 Rf7
$17) 21... Rf7 $15) 16... e5 $1 (16... Qc7 $5) 17. Nb3 Rxc3 $1 (17... Nxe4 18.
Qh2 $13) 18. bxc3 Nxe4 19. Qh2 Ng5 20. Nd2 (20. Bxg5 Qxg5+ 21. Kb1 h6 22. Rxd6
Bc6 $17) 20... Bc6 21. Rf1 (21. Bxg5 Qxg5 22. Rxh7 Bxf3 $17) 21... f5 (21... h6
$2 22. Rxh6 Bxh6 23. Qxh6 Ne6 24. Rh1 $18) 22. gxf5 Rxf5 23. Rg1 (23. Bxg5 Qxg5
24. Rxh7 Bxf3 $17) 23... Qf6 24. f4 (24. Bxg5 Rxg5 25. Rxg5 Qxg5 26. Rxh7 Bxf3
$17) 24... Ne6 $1 25. fxe5 Qxe5 26. Qxe5 dxe5 $19 27. Ne4 Nf4 28. Ng3 Rf8 29.
Bxa7 Ra8 30. Bc5 Rxa2 31. Kb1 Ra4 32. Kb2 h5 33. Rh2 Rc4 34. Bd6 Kf7 35. Nf1
Bf6 36. Nd2 Ra4 37. Kb3 Ra6 38. Bc5 g5 39. Be3 h4 40. Bc5 Ke6 41. Kb2 Bd5 42.
c4 Bc6 43. Nb3 Kf5 44. Bf2 Ra4 45. Nd2 Ra8 46. Nf1 Ke6 47. Ne3 Ne2 48. Rd1 e4+
49. Kb3 Nd4+ 50. Kb4 b6 51. Rhh1 Ra4+ 52. Kc3 b5 53. cxb5 (53. Rxd4 b4+ $19)
53... Bxb5 54. Kb2 Nxc2+ 55. Kxc2 Ra2+ 56. Kb3 Rxf2 57. Ng4 Rf3+ 58. Kb4 Be2
59. Rc1 Be7+ 0-1

[Event "EU-Cup 09th final"]
[Site "Hilversum"]
[Date "1993.12.12"]
[Round "3"]
[White "Boudre, Jean Pierre"]
[Black "Koch, Jean Rene"]
[Result "1/2-1/2"]
[WhiteElo "2380"]
[BlackElo "2500"]
[Annotator "Ernst,T"]
[PlyCount "45"]
[EventDate "1993.12.10"]
[EventType "team-k.o."]
[EventRounds "3"]
[EventCountry "NED"]
[SourceTitle "EXT 2020"]
[Source "ChessBase"]
[SourceDate "2019.10.17"]
[SourceVersion "1"]
[SourceVersionDate "2019.10.17"]
[SourceQuality "1"]
[WhiteTeam "La Dame Blanche Auxerre"]
[BlackTeam "Clichy Echecs 92"]
[WhiteTeamCountry "FRA"]
[BlackTeamCountry "FRA"]

1. e4 c5 2. Nf3 d6 3. d4 Nf6 4. Nc3 cxd4 5. Nxd4 g6 6. Be3 Bg7 7. f3 O-O 8. Qd2
Nc6 9. Bc4 Bd7 10. h4 h5 11. O-O-O Ne5 12. Bb3 Rc8 13. Kb1 Nc4 14. Bxc4 Rxc4
15. Nb3 (15. Nde2) 15... Qc7 16. Bd4 Bc6 (16... Be6 17. g4 $5 {
Tukmakov-Sosonko/Amsterdam/1974/} hxg4 18. h5 Rc8 19. hxg6 fxg6 20. Qg5 (20.
fxg4 Bxg4 21. Nd5 (21. Rdg1 $1 e5 $1 22. Rxg4 Nxg4 23. Nd5 Qf7 24. Qg5 $13)
21... Qd7 $17) 20... Bf7 21. Nd5 Qd8 $1 22. Bxf6 exf6 23. Qxg4 f5 $17) 17. Rhe1
(17. Qe2) 17... b5 (17... e5 18. Be3 Rd8 19. Qd3 (19. Bg5 $5) 19... b5 20. Nd2
d5 21. Nxc4 bxc4 $44 {Bucciardini-Poli,G/Italy-41ch/1991-92/}) 18. e5 (18. Nd5
Bxd5 19. exd5 {Lupo,A-Pecis,G/ITA Master-ch/1985/} Rc8 $1 20. c3 a5 $132) 18...
dxe5 19. Bxe5 Qb6 {Black is just able to keep the balance.} 20. Bd4 Qc7 21. Be5
Qb6 22. Bd4 Qc7 23. Be5 1/2-1/2

[Event "Odorheiu Secuiesc zt"]
[Site "Odorheiu Secuiesc"]
[Date "1995.??.??"]
[Round "7"]
[White "Ninov, Nikolai"]
[Black "Dumitrache, Dragos Nicolae"]
[Result "1/2-1/2"]
[WhiteElo "2435"]
[BlackElo "2530"]
[Annotator "Ernst,T"]
[PlyCount "130"]
[EventDate "1995.03.??"]
[EventType "swiss"]
[EventRounds "9"]
[EventCountry "ROU"]
[SourceTitle "CBM 047"]
[Source "ChessBase"]
[SourceDate "1995.08.01"]
[SourceVersion "1"]
[SourceVersionDate "1995.08.01"]
[SourceQuality "1"]

1. e4 c5 2. Nf3 d6 3. d4 cxd4 4. Nxd4 Nf6 5. Nc3 g6 6. Be3 Bg7 7. f3 Nc6 8. Qd2
O-O 9. Bc4 Bd7 10. O-O-O Rc8 11. Bb3 Ne5 12. h4 h5 13. Bh6 Nc4 14. Bxc4 Rxc4
15. Bxg7 Kxg7 {[#]} 16. Nd5 {[#]} (16. g4) (16. Kb1 e5 (16... Qa5 17. Nb3 Qc7 (
17... Qe5 $5 {Winslow,E}) 18. g4 hxg4 19. h5 gxf3 20. Rdg1 $40 {Short,N-Fleck/
BRD/1986}) (16... a6 17. g4 $5 (17. Nde2 {Rogers,S-Kudrin,I/London/1987})) 17.
Nde2 (17. Ndb5 $2 Bxb5 18. Nxb5 Qb6 $1 19. Nc3 Rfc8 20. Qxd6 $4 (20. Ka1 $15)
20... R8c6 21. Qe7 Rxc3 22. Rd8 Qc5 $19) (17. Nb3)) (16. Rhe1) 16... Nxd5 $146
(16... e5 $142 17. Ne2 (17. Nb3 Nxd5 18. Qxd5 Qc7 19. Qd2 Rc8 20. c3 Rc6 21. g4
Rh8 $1 22. Rdg1 Qd8 $1 23. g5 Be6 24. Kb1 Qb6 $15 {Vehi Bach,V-Komljenovic,D/
San Sebastian/1993}) 17... Nxd5 18. Qxd5 Be6 19. Qxd6 Qa5 20. Nc3 Rxc3 21. bxc3
Qxc3 22. Qd3 Qa5 23. a3 Rc8 24. Kb2 Qb6+ 25. Ka1 Qa5 26. Kb2 Qb6+ {1/4/Yurtaev,
L-Nadyrhanov,S/Bishek zt/1993}) 17. exd5 a5 18. g4 hxg4 19. h5 {[#]} g5 20. b3
$6 {><c3} (20. Qxg5+ Kh7 (20... Kh8 $2 21. Qh6+ Kg8 22. fxg4 $18) 21. Nf5 Bxf5
22. Qxf5+ Kh8 23. fxg4 Qc8 24. Rde1 $16) 20... Rc5 21. Qxg5+ Kh7 (21... Kh8 $2
22. fxg4 {/\ 23.Qh6,24.g5,25.g6}) 22. Nf5 Bxf5 23. Qxf5+ Kh8 24. fxg4 a4 $44 {
[#]} 25. Qe4 axb3 26. axb3 Qa5 27. Qd4+ f6 28. b4 Qa3+ 29. Kd2 Qa4 30. c3 Qa2+
31. Ke3 Rc4 32. Ra1 Qb3 33. Ra3 Rxd4 34. Rxb3 Rxg4 {[#]} 35. Kf3 Rg5 36. c4
Rfg8 37. Re3 Rg3+ 38. Ke2 Rg2+ 39. Kd3 Ra8 $10 40. Rc1 (40. Rxe7 $4 Ra3+ 41.
Kd4 Rd2+ $19) 40... Raa2 41. c5 $1 {/\ 42.c6, passed pawn} (41. Rxe7 $4 Ra3+
$19) 41... Rad2+ 42. Ke4 f5+ $1 (42... Rg4+ $2 43. Kf3 $1 (43. Kf5 $2 Rxb4 $1)
43... Rxb4 44. c6 $16) 43. Kxf5 Rxd5+ 44. Ke6 Rxh5 45. Kxe7 dxc5 46. Rxc5 Rxc5
47. bxc5 Rb2 48. Re6 Rb5 49. Kf7 Kh7 50. Re5 Kh6 51. Rd5 Ra5 52. Kf6 Rb5 53.
Kf7 Ra5 54. Rf5 Rb5 55. Re5 Ra5 56. Ke6 Kg6 57. Kd6 Kf6 58. Re6+ Kf5 59. Re5+
Kf6 60. Re1 Rb5 61. Rf1+ Kg7 62. Rf3 Kg6 63. Rf8 Kg7 64. Rc8 Kf6 65. Rc7 Kf5
1/2-1/2

[Event "FRA-ch"]
[Site "Montpellier"]
[Date "1991.??.??"]
[Round "?"]
[White "Santo Roman, Marc"]
[Black "Koch, Jean Rene"]
[Result "1/2-1/2"]
[WhiteElo "2485"]
[BlackElo "2455"]
[Annotator "Ernst,T"]
[PlyCount "63"]
[EventDate "1991.08.??"]
[EventType "tourn"]
[EventRounds "15"]
[EventCountry "FRA"]
[EventCategory "8"]
[SourceTitle "CBM 027"]
[Source "ChessBase"]
[SourceDate "1992.04.01"]
[SourceVersion "1"]
[SourceVersionDate "1992.04.01"]
[SourceQuality "1"]

1. e4 c5 2. Nf3 d6 3. d4 cxd4 4. Nxd4 Nf6 5. Nc3 g6 6. Be3 Bg7 7. f3 O-O 8. Qd2
Nc6 9. Bc4 Bd7 10. h4 h5 11. O-O-O Ne5 12. Bb3 Rc8 13. Bg5 Rc5 14. Kb1 b5 15.
Rhe1 a5 (15... Re8 16. f4 Nc4 17. Bxc4 Rxc4 18. e5 b4 19. Ncb5 Nd5 20. Nxd6
Nc3+ 21. Ka1 Qa5 $17 {Mandl - Fleck, Bundesliga 1986/87.}) 16. f4 Nc4 (16...
Neg4 17. a3 b4 18. axb4 axb4 19. Nd5 Nxd5 20. Bxd5 Rxd5 21. exd5 f6 22. Nc6
Bxc6 23. dxc6 fxg5 24. hxg5 Qc7 25. Qxb4 Qxc6 26. Rxe7 d5 $15 {Santo Roman -
Koch, Frankreich (ch) 1990.}) 17. Bxc4 Rxc4 18. e5 b4 (18... Bg4 $2 19. Bxf6
exf6 20. e6 $18 {Beljavsky - Hübner, Tilburg 1986.}) 19. Qd3 $6 (19. exf6 exf6
20. Qd3 Rc5 21. Ne4 Rc7 22. Nxf6+ Bxf6 23. Re3 $14) 19... Rxc3 $1 {Ein
bekanntes Qualitätsopfer, das schon 1989 in New in chess yearbook ver-
öffentlicht wurde.} 20. bxc3 Nd5 21. Nb5 Nxc3+ 22. Nxc3 bxc3 23. Ka1 Bf5 24.
Qa6 f6 25. exf6 exf6 26. Rxd6 Qc8 27. Qa7 fxg5 28. Re7 Bh8 (28... Bh6 29. hxg5
Qc4 30. Rd1 Be6 31. Rxe6 Qxe6 32. gxh6 $16) 29. Qb6 $1 {Mit Mattdrohung.} Bg7
$8 (29... Qc4 $4 30. Rxg6+ $1 $18) 30. Qa7 (30. Rxg6 Rf7 $1 $13) 30... Bh8 31.
Qb6 Bg7 32. Qa7 1/2-1/2